Outkast Songs - Statistics

General Stats
  • This quiz has been taken 98 times
    96 since last reset
  • The average score is 38 of 142
Answer Stats
Album Track # Answer % Correct
Stankonia 5 Ms. Jackson
87%
The Love Below 9 Hey Ya!
84%
Stankonia 4 So Fresh, So Clean
75%
Stankonia 11 B.O.B. - Bombs Over Baghdad
73%
The Love Below 10 Roses
73%
ATLiens 3 ATLiens
72%
Aquemini 3 Rosa Parks
68%
Aquemini 5 Aquemini
65%
Southernplayalisticadillacmuzik 5 Southernplayalisticadillacmuzik
65%
Idlewild | Speakerboxxx | Stankonia 1 Intro
57%
Aquemini 9 Da Art of Storytellin' (Pt. 1)
56%
Aquemini 10 Da Art of Storytellin' (Pt. 2)
56%
ATLiens 15 Elevators (Me & You) - ONP 86 Mix
56%
Speakerboxxx 5 The Way You Move (feat. Sleepy Brown)
56%
Southernplayalisticadillacmuzik 7 Player's Ball
55%
Southernplayalisticadillacmuzik 17 Player's Ball (Reprise)
55%
Speakerboxxx 17 D-Boi (Interlude)
53%
ATLiens 6 Elevators (Me & You)
53%
Stankonia 2 Gasoline Dreams (with Khujo Goodie)
51%
ATLiens 5 Jazzy Belle
49%
Stankonia 24 Stankonia (Stanklove) (feat. Big Rube & Sleppy Brown)
48%
Aquemini 12 SpottieOttieDopaliscious
44%
Aquemini 4 Skew It on the Bar-B (feat. Raekwon)
43%
Aquemini 2 Return of the "G"
41%
ATLiens 2 Two Dope Boyz (In a Cadillac)
40%
ATLiens 4 Wheelz of Steel
40%
Aquemini 16 Chonkyfire
39%
The Love Below 1 The Love Below (Intro)
39%
Stankonia 8 Spaghetti Junction
39%
Aquemini 8 West Savannah
39%
Speakerboxxx 2 GhettoMusick
35%
Stankonia 15 Humble Mumble (feat. Erykah Badu)
35%
ATLiens 8 Babylon
33%
Aquemini 11 Mamacita
33%
Stankonia 6 Snappin' & Trappin' (feat. Killer Mike & J-Sweet)
33%
Aquemini 6 Synthesizer (feat. George Clinton)
33%
Stankonia 21 Toilet Tisha
33%
Southernplayalisticadillacmuzik 3 Ain't No Thang
31%
Aquemini 15 Liberation (with Cee-Lo)
31%
The Love Below 7 Prototype
31%
Stankonia 20 Gangsta Sh*t (feat. Slimm Calhoun, C-Bone & T-Mo)
29%
Stankonia 10 I'll Call B4 I Cum (feat. Gangsta Boo & Eco)
29%
The Love Below 8 She Lives In My Lap (feat. Rosario Dawson)
29%
Aquemini 7 Slump
29%
Stankonia 14 We Luv Deez Hoes (feat. Backbone & Big Gipp)
29%
ATLiens 14 13th Floor/Growing Old
28%
Aquemini 1 Hold On, Be Strong
28%
ATLiens 12 Millennium
28%
The Love Below 13 Pink & Blue
28%
Stankonia 18 Red Velvet
28%
Speakerboxxx 4 Bowtie (feat. Sleepy Brown & Jazze Pha)
27%
Speakerboxxx 19 Bowtie (Postlude)
27%
Southernplayalisticadillacmuzik 14 Crumblin' Erb
27%
ATLiens 13 E.T. (Extraterrestrial)
27%
Southernplayalisticadillacmuzik 12 Git Up, Git Out (feat. Goodie Mob)
27%
Speakerboxxx 15 Interlude
27%
The Love Below 2 Love Hater
27%
Southernplayalisticadillacmuzik 15 Hootie Hoo
25%
Speakerboxxx 6 The Rooster
25%
Stankonia 12 Xplosion (feat. B-Real)
25%
Speakerboxxx 9 Church
24%
ATLiens 10 Mainstream
24%
Aquemini 14 Nathaniel
24%
Big Boi & Dre Present...OutKast 6 The Whole World (feat. Killer Mike)
24%
ATLiens 1 You May Die (Intro)
24%
Stankonia 17 ?
23%
ATLiens 11 Decatur Psalm
23%
Stankonia 3 I'm Cool (Interlude)
23%
Idlewild 3 Peaches (feat. Sleepy Brown & Scar)
23%
Southernplayalisticadillacmuzik 1 Peaches (Intro)
23%
The Love Below 5 Spread
23%
Aquemini 13 Y'All Scared (feat. T-Mo, Big Gipp & Khujo)
23%
The Love Below 16 Dracula's Wedding (feat. Kelis)
21%
Southernplayalisticadillacmuzik 10 Funky Ride
21%
Speakerboxxx 3 Unhappy
21%
ATLiens 9 Wailin'
21%
Speakerboxxx 8 War
21%
The Love Below 4 Happy Valentine's Day
20%
Stankonia 9 Kim & Cookie (Interlude)
20%
The Love Below 15 She's Alive
20%
The Love Below 20 Vibrate
20%
Speakerboxxx 10 Bamboo (Interlude)
19%
Speakerboxxx 7 Bust (feat. Killer Mike)
19%
Speakerboxxx 14 Flip Flop Rock (feat. Killer Mike & JAY-Z)
19%
Idlewild 2 Mighty "O"
19%
The Love Below 18 My Favorite Things
19%
Southernplayalisticadillacmuzik 2 Myintrotoletuknow
19%
Stankonia 23 Pre-Nump (Interlude)
19%
Stankonia 22 Slum Beautiful (feat. Cee-Lo)
19%
Speakerboxxx 11 Tomb of the Boom (feat. Konkrete, Big Gipp & Ludacris)
19%
The Love Below 12 Behold a Lady
17%
Southernplayalisticadillacmuzik 16 D.E.E.P.
17%
The Love Below 3 God (Interlude)
17%
Idlewild 12 Hollywood Divorce (feat. Snoop Dogg & Lil' Wayne)
17%
ATLiens 7 Ova Da Wudz
17%
The Love Below 6 Where Are My Panties
17%
Stankonia 19 Cruisin' In The ATL (Interlude)
16%
Speakerboxxx 18 Last Call (feat. Slimm Calhoun, Lil' Jon, The EastSide Boyz & Mello)
16%
Idlewild 7 Morris Brown (feat. Scar & Sleppy Brown)
16%
Stankonia 16 Drinkin' Again (Interlude)
15%
The Love Below 17 The Letter
15%
The Love Below 21 A Day In The Life of Benjamin Andre (Incomplete)
13%
Southernplayalisticadillacmuzik 6 Call of da Wild (feat. Goodie Mob)
13%
Stankonia 7 D.F. (Interlude)
13%
Stankonia 13 Good Hair (Interlude)
13%
The Love Below 14 Love In War
13%
The Love Below 19 Take Off Your Cool (feat. Norah Jones)
13%
Idlewild 4 Idlewild Blue (Don'tchu Worry 'Bout Me)
12%
Speakerboxxx 16 Reset (feat. Khujo Goodie & Cee-Lo)
12%
Idlewild 25 A Bad Note
11%
Southernplayalisticadillacmuzik 8 Claimin' True
11%
Speakerboxxx 13 Knowing
11%
Speakerboxxx 12 E-Mac (Interlude)
9%
Big Boi & Dre Present...OutKast 2 Funkin' Around
9%
The Love Below 11 Good Day, Good Sir (Interlude)
9%
Idlewild 8 Chronomentrophobia
8%
Idlewild 19 PJ & Rooster
8%
Idlewild 16 BuggFace
7%
Southernplayalisticadillacmuzik 11 Flim Flam (Interlude)
7%
Single 1 In Due Time (with Cee-Lo)
7%
Big Boi & Dre Present...OutKast 16 Movin' Cool (The After Party)
7%
Idlewild 9 The Train (feat. Scar & Sleepy Brown)
7%
Southernplayalisticadillacmuzik 4 Welcome to Atlanta (Interlude)
7%
Idlewild 23 When I Look In Your Eyes
7%
Idlewild 14 Call The Law (feat. Janelle Monáe)
5%
Southernplayalisticadillacmuzik 9 Club Donkey Ass (Interlude)
5%
Idlewild 21 Greatest Show On Earth (feat. Macy Gray)
5%
Idlewild 17 Makes No Sense At All
5%
Idlewild 20 Mutron Angel (feat. Whild Peach)
5%
Idlewild 11 No Bootleg DVDs (Interlude)
5%
Southernplayalisticadillacmuzik 13 True Dat (Interlude)
5%
Idlewild 13 Zora (Interlude)
5%
Idlewild 15 Bamboo & Cross (Interlude)
4%
Idlewild 24 Dyin' To Live
4%
Idlewild 6 N2U (feat. Khujo Goodie)
4%
Idlewild 22 You're Beautiful (Interlude)
4%
Big Boi & Dre Present...OutKast 1 Camp Fire Intro
3%
Idlewild 5 Infatuation (Interlude)
3%
Idlewild 18 In Your Dreams (feat. Killer Mike & Janelle Monáe)
3%
Idlewild 10 Life Is Like A Musical
3%
No matching quizzes found
Score Distribution
Percent of People with Each Score
Percentile by Number Answered
Your Score History
You have not taken this quiz since the last reset